Enterprise Grammar 1: Student's Book

書誌詳細
第一著者: Evans V. Virginia
その他の著者: Dooley J. Jenny
言語:英語
出版事項: Newbury, Express Publishing, 2000
主題:
フォーマット: 図書
KOHA link:https://koha.lib.tpu.ru/cgi-bin/koha/opac-detail.pl?biblionumber=42443

MARC

LEADER 00000nam0a2200000 4500
001 42443
005 20231031015454.0
010 |a 1903128730 
035 |a (RuTPU)RU\TPU\book\43706 
090 |a 42443 
100 |a 20020904d2000 m y0engy50 ba 
101 0 |a eng 
102 |a GB 
105 |a a j 000zy 
200 1 |a Enterprise Grammar 1  |e Student's Book  |f V. Evans, J. Dooley 
210 |a Newbury  |c Express Publishing  |d 2000 
215 |a 87 p.  |c il. 
610 1 |a английский язык 
610 1 |a учебные пособия 
610 1 |a грамматика 
610 1 |a упражнения 
686 |a Ш143.21-923.2  |v LBC/SL-A  |2 rubbk 
686 |a Ш143.21-923  |v LBC/SL-A  |2 rubbk 
700 1 |a Evans  |b V.  |g Virginia 
701 1 |a Dooley  |b J.  |g Jenny 
801 1 |a RU  |b 63413507  |c 20020904  |g PSBO 
801 2 |a RU  |b 63413507  |c 20230331  |g PSBO 
942 |c BK